| 000 | 00480nam a22001937a 4500 | ||
|---|---|---|---|
| 003 | mut | ||
| 005 | 20240606081225.0 | ||
| 008 | 170929b xxu||||| |||| 00| 0 eng d | ||
| 020 | _a0130896934 | ||
| 040 | _cmut | ||
| 050 |
_aHF 5635 _b.A25 2002 |
||
| 245 | _aAccounting | ||
| 250 | _aCanadian 5th ed. | ||
| 260 |
_aToronto _bPrentice Hall _c2002 |
||
| 650 | _aAccounting | ||
| 650 | _aManagerial accounting | ||
| 700 | _aHorngrn, Charles T. [et al...] | ||
| 942 |
_2lcc _cBK |
||
| 999 |
_c12434 _d12434 |
||